[Event "13th Khazar International Open Chess Tournament - "]
[Site "Rasht, Iran"]
[Date "2015.02.12"]
[Round "3"]
[Board "5"]
[White "Iskandarov, Misratdin"]
[Black "Ezzati, Fereidoon"]
[Result "1/2-1/2"]
[WhiteElo "2396"]
[BlackElo "2180"]
[PlyCount "0"]
[EventDate "2015.02.11"]
[EventRounds "9"]
[EventCountry "IRI"]

1. Nf3 {[%clk 1:30:57]} Nf6 {[%clk 1:30:29]} 2. g3 {[%clk 1:31:14]} d6
{[%clk 1:30:43]} 3. Bg2 {[%clk 1:31:19]} g6 {[%clk 1:31:06]} 4. O-O
{[%clk 1:31:37]} Bg7 {[%clk 1:31:34]} 5. c4 {[%clk 1:31:57]} O-O {[%clk 1:31:29]}
6. Nc3 {[%clk 1:32:23]} c5 {[%clk 1:29:32]} 7. d4 {[%clk 1:31:32]} cxd4
{[%clk 1:29:59]} 8. Qxd4 {[%clk 1:31:58]} Nc6 {[%clk 1:30:20]} 9. Qh4
{[%clk 1:32:22]} Ng4 {[%clk 1:20:15]} 10. h3 {[%clk 1:30:58]} Nge5
{[%clk 1:20:42]} 11. Nxe5 {[%clk 1:30:30]} Nxe5 {[%clk 1:19:50]} 12. Rd1
{[%clk 1:22:42]} Nd7 {[%clk 1:07:46]} 13. Bh6 {[%clk 1:21:53]} Bxc3
{[%clk 1:02:06]} 14. bxc3 {[%clk 1:22:13]} Re8 {[%clk 1:02:35]} 15. Qd4
{[%clk 1:20:35]} f6 {[%clk 0:48:41]} 16. Qd5+ {[%clk 1:18:38]} Kh8
{[%clk 0:49:09]} 17. Qf7 {[%clk 1:16:11]} Rg8 {[%clk 0:49:38]} 18. Bd5
{[%clk 1:16:33]} Ne5 {[%clk 0:50:06]} 19. Qxg8+ {[%clk 1:16:35]} Qxg8
{[%clk 0:50:34]} 20. Bxg8 {[%clk 1:16:57]} Kxg8 {[%clk 0:50:54]} 21. c5
{[%clk 1:15:01]} Nf7 {[%clk 0:49:53]} 22. cxd6 {[%clk 1:15:05]} Nxd6
{[%clk 0:50:22]} 23. Bf4 {[%clk 1:14:51]} Nf7 {[%clk 0:50:51]} 24. g4
{[%clk 1:09:22]} Be6 {[%clk 0:51:05]} 25. Rd4 {[%clk 0:59:57]} Nd8
{[%clk 0:48:42]} 26. Rad1 {[%clk 0:53:25]} Nc6 {[%clk 0:48:57]} 27. R4d2
{[%clk 0:52:52]} Kf7 {[%clk 0:48:56]} 28. f3 {[%clk 0:51:58]} Rc8
{[%clk 0:48:17]} 29. h4 {[%clk 0:50:33]} Na5 {[%clk 0:46:58]} 30. Rd8
{[%clk 0:50:42]} Rxd8 {[%clk 0:46:52]} 31. Rxd8 {[%clk 0:51:06]} Nc6
{[%clk 0:47:20]} 32. Rd2 {[%clk 0:51:13]} Ke8 {[%clk 0:46:03]} 33. Kf2
{[%clk 0:51:08]} b5 {[%clk 0:45:34]} 34. g5 {[%clk 0:50:28]} f5 {[%clk 0:45:14]}
35. Bc7 {[%clk 0:50:37]} a5 {[%clk 0:45:04]} 36. a3 {[%clk 0:50:31]} a4
{[%clk 0:44:02]} 37. Kg3 {[%clk 0:50:51]} Kf7 {[%clk 0:44:22]} 38. Kf4
{[%clk 0:51:15]} Ke8 {[%clk 0:41:50]} 39. e3 {[%clk 0:50:41]} Kf7
{[%clk 0:42:15]} 40. Rh2 {[%clk 0:50:34]} Ke8 {[%clk 0:42:43]} 41. h5
{[%clk 0:49:05]} Kd7 {[%clk 0:42:55]} 42. hxg6 {[%clk 0:49:04]} hxg6
{[%clk 0:43:23]} 43. Bb6 {[%clk 0:41:02]} Bf7 {[%clk 0:39:29]} 44. Rd2+
{[%clk 0:41:24]} Ke8 {[%clk 0:39:30]} 45. e4 {[%clk 0:38:38]} fxe4
{[%clk 0:39:54]} 46. Kxe4 {[%clk 0:39:03]} Bc4 {[%clk 0:37:15]} 47. f4
{[%clk 0:39:27]} Be6 {[%clk 0:36:25]} 48. Rd5 {[%clk 0:35:38]} Bxd5+
{[%clk 0:29:43]} 49. Kxd5 {[%clk 0:35:59]} Kd7 {[%clk 0:30:12]} 50. Kc5
{[%clk 0:36:21]} e5 {[%clk 0:27:57]} 51. fxe5 {[%clk 0:36:42]} Nxe5
{[%clk 0:28:25]} 52. Kxb5 {[%clk 0:37:06]} Kd6 {[%clk 0:28:22]} 53. c4
{[%clk 0:37:11]} Kd7 {[%clk 0:28:20]} 54. Bd4 {[%clk 0:36:45]} Nf7
{[%clk 0:28:20]} 55. Bf6 {[%clk 0:32:47]} Nd6+ {[%clk 0:28:35]} 56. Kc5
{[%clk 0:33:02]} Ke6 {[%clk 0:26:33]} 57. Kb4 {[%clk 0:32:40]} Kd7
{[%clk 0:26:55]} 58. Be5 {[%clk 0:32:44]} Ne4 {[%clk 0:25:57]} 59. Bf4
{[%clk 0:32:34]} Kc6 {[%clk 0:26:09]} 60. Kxa4 {[%clk 0:30:40]} Nc5+
{[%clk 0:26:38]} 61. Ka5 {[%clk 0:31:01]} Nb3+ {[%clk 0:22:02]} 62. Kb4
{[%clk 0:31:09]} Nc5 {[%clk 0:22:30]} 63. Be3 {[%clk 0:31:09]} Na6+
{[%clk 0:22:19]} 64. Kc3 {[%clk 0:31:27]} Nc7 {[%clk 0:22:37]} 65. Kd4
{[%clk 0:30:40]} Ne6+ {[%clk 0:22:11]} 66. Ke5 {[%clk 0:31:05]} Nxg5
{[%clk 0:22:17]} 67. Bxg5 {[%clk 0:16:03]} Kc5 {[%clk 0:22:46]} 68. a4
{[%clk 0:12:48]} Kxc4 {[%clk 0:22:30]} 69. Be7 {[%clk 0:13:04]} g5
{[%clk 0:22:28]} 1/2-1/2

[Event "13th Khazar International Open Chess Tournament - "]
[Site "Rasht, Iran"]
[Date "2015.02.12"]
[Round "3"]
[Board "6"]
[White "Grabliauskas, Virginijus"]
[Black "Lazarev, Vladimir"]
[Result "0-1"]
[WhiteElo "2323"]
[BlackElo "2361"]
[PlyCount "0"]
[EventDate "2015.02.11"]
[EventRounds "9"]
[EventCountry "IRI"]

1. d4 Nf6 2. c4 e6 3. g3 d5 4. Nf3 Bb4+ 5. Bd2 Be7 6. Bg2 O-O 7. O-O c6 8. Qc2
Nbd7 9. Bf4 Nh5 10. Bc1 Nhf6 11. Nbd2 b6 12. e4 Bb7 13. e5 Ne8 14. cxd5 cxd5 15.
Qa4 a5 16. Re1 Ba6 17. Re3 b5 18. Qd1 b4 19. h4 Nb6 20. Nf1 Nc7 21. N1h2 a4 22.
h5 Nb5 23. Ne1 Nc4 24. Rd3 a3 25. bxa3 Ncxa3 26. Qg4 Kh8 27. Bf1 Nc3 28. Rd2 Bxf1
29. Nxf1 f5 30. exf6 Bxf6 31. Nf3 Nc4 32. Rc2 e5 33. dxe5 Nxe5 34. Nxe5 Bxe5 35.
Bb2 d4 36. h6 gxh6 37. a3 d3 38. Rd2 bxa3 39. Rxa3 Rxa3 40. Bxa3 Ne2+ 41. Kg2
Qa8+ 42. f3 Qxa3 43. Qe4 Qc5 44. Ne3 Nxg3 45. Qxd3 Bf4 0-1

[Event "13th Khazar International Open Chess Tournament - "]
[Site "Rasht, Iran"]
[Date "2015.02.12"]
[Round "3"]
[Board "7"]
[White "Sheykhali, Mohammadreza"]
[Black "Starostits, Ilmars"]
[Result "0-1"]
[WhiteElo "2140"]
[BlackElo "2454"]
[PlyCount "0"]
[EventDate "2015.02.11"]
[EventRounds "9"]
[EventCountry "IRI"]

1. e4 {[%clk 1:30:55]} c5 {[%clk 1:30:54]} 2. Nf3 {[%clk 1:31:16]} d6
{[%clk 1:31:21]} 3. d4 {[%clk 1:31:39]} cxd4 {[%clk 1:31:47]} 4. Nxd4
{[%clk 1:32:02]} Nf6 {[%clk 1:32:13]} 5. Nc3 {[%clk 1:32:23]} g6 {[%clk 1:32:39]}
6. f3 {[%clk 1:31:38]} Bg7 {[%clk 1:33:04]} 7. Be3 {[%clk 1:32:02]} Nc6
{[%clk 1:33:30]} 8. Qd2 {[%clk 1:32:14]} h5 {[%clk 1:33:55]} 9. O-O-O
{[%clk 1:31:26]} Bd7 {[%clk 1:34:14]} 10. Bc4 {[%clk 1:30:45]} Na5
{[%clk 1:34:38]} 11. Bb3 {[%clk 1:30:38]} Nxb3+ {[%clk 1:35:02]} 12. Nxb3
{[%clk 1:26:09]} a5 {[%clk 1:29:16]} 13. Kb1 {[%clk 1:25:16]} a4 {[%clk 1:29:10]}
14. Nc1 {[%clk 1:25:40]} a3 {[%clk 1:26:44]} 15. b3 {[%clk 1:25:43]} Rc8
{[%clk 1:21:10]} 16. N1e2 {[%clk 1:25:22]} O-O {[%clk 1:17:14]} 17. Bd4
{[%clk 1:23:27]} Bc6 {[%clk 1:15:53]} 18. Rhe1 {[%clk 1:12:36]} Qc7
{[%clk 1:02:56]} 19. h3 {[%clk 0:44:50]} e5 {[%clk 0:57:17]} 20. Be3
{[%clk 0:44:18]} d5 {[%clk 0:57:16]} 21. exd5 {[%clk 0:43:08]} Nxd5
{[%clk 0:56:18]} 22. Nxd5 {[%clk 0:42:44]} Bxd5 {[%clk 0:56:43]} 23. c4
{[%clk 0:42:04]} Be6 {[%clk 0:55:44]} 24. Qb4 {[%clk 0:32:18]} Bf5+
{[%clk 0:52:16]} 25. Ka1 {[%clk 0:30:16]} Rfd8 {[%clk 0:50:44]} 26. Qxa3
{[%clk 0:19:11]} e4+ {[%clk 0:50:51]} 27. Bd4 {[%clk 0:19:22]} exf3
{[%clk 0:50:48]} 28. gxf3 {[%clk 0:19:13]} Rxd4 {[%clk 0:49:17]} 29. Nxd4
{[%clk 0:16:17]} Rd8 {[%clk 0:48:25]} 0-1

[Event "13th Khazar International Open Chess Tournament - "]
[Site "Rasht, Iran"]
[Date "2015.02.12"]
[Round "3"]
[Board "8"]
[White "Tarlev, Konstantin"]
[Black "Firouzja, Alireza"]
[Result "1-0"]
[WhiteElo "2557"]
[BlackElo "2305"]
[PlyCount "0"]
[EventDate "2015.02.11"]
[EventRounds "9"]
[EventCountry "IRI"]

1. c4 {[%clk 1:30:56]} Nf6 {[%clk 1:30:51]} 2. Nc3 {[%clk 1:31:15]} c5
{[%clk 1:27:08]} 3. Nf3 {[%clk 1:29:01]} g6 {[%clk 1:26:54]} 4. d4
{[%clk 1:28:40]} cxd4 {[%clk 1:27:16]} 5. Nxd4 {[%clk 1:29:07]} Bg7
{[%clk 1:27:35]} 6. e4 {[%clk 1:29:32]} d6 {[%clk 1:28:00]} 7. f3
{[%clk 1:27:10]} O-O {[%clk 1:27:39]} 8. Be3 {[%clk 1:27:38]} Nc6
{[%clk 1:27:48]} 9. Qd2 {[%clk 1:27:49]} Bd7 {[%clk 1:27:32]} 10. Nc2
{[%clk 1:24:48]} Rc8 {[%clk 1:25:26]} 11. Be2 {[%clk 1:25:09]} Na5
{[%clk 1:15:58]} 12. Na3 {[%clk 1:22:31]} Be6 {[%clk 1:07:11]} 13. Nd5
{[%clk 1:20:45]} Nd7 {[%clk 1:07:16]} 14. O-O {[%clk 1:19:58]} Nc6
{[%clk 1:05:27]} 15. Rac1 {[%clk 1:13:03]} a5 {[%clk 1:05:38]} 16. Nb5
{[%clk 1:11:42]} Nc5 {[%clk 1:04:33]} 17. b3 {[%clk 1:08:44]} Ne5
{[%clk 0:56:01]} 18. Nbc3 {[%clk 0:55:56]} Nc6 {[%clk 0:43:11]} 19. f4
{[%clk 0:49:31]} Bxd5 {[%clk 0:38:15]} 20. exd5 {[%clk 0:47:27]} Nb4
{[%clk 0:38:28]} 21. Bf3 {[%clk 0:42:58]} Qd7 {[%clk 0:31:02]} 22. Nb5
{[%clk 0:35:24]} Qf5 {[%clk 0:25:00]} 23. Rfd1 {[%clk 0:29:14]} Qd3
{[%clk 0:23:37]} 24. Qxd3 {[%clk 0:18:33]} Nbxd3 {[%clk 0:22:34]} 25. Rb1
{[%clk 0:18:38]} Nb4 {[%clk 0:17:48]} 26. Rd2 {[%clk 0:18:56]} Nba6
{[%clk 0:17:06]} 27. g3 {[%clk 0:17:45]} Bf6 {[%clk 0:17:02]} 28. Bg4
{[%clk 0:17:32]} Ra8 {[%clk 0:16:32]} 29. Re2 {[%clk 0:17:46]} Kg7
{[%clk 0:13:57]} 30. Kg2 {[%clk 0:17:04]} Rh8 {[%clk 0:11:42]} 31. Kf3
{[%clk 0:14:02]} h5 {[%clk 0:11:24]} 32. Bh3 {[%clk 0:14:29]} Rhf8
{[%clk 0:09:58]} 33. a3 {[%clk 0:09:49]} a4 {[%clk 0:09:07]} 34. b4
{[%clk 0:10:15]} Nb3 {[%clk 0:09:34]} 35. Ke4 {[%clk 0:09:37]} Rh8
{[%clk 0:08:15]} 36. Kd3 {[%clk 0:09:58]} Rhg8 {[%clk 0:08:28]} 37. Rc2
{[%clk 0:07:10]} Na1 {[%clk 0:08:36]} 38. Re2 {[%clk 0:06:57]} Nb3
{[%clk 0:08:56]} 39. Bb6 {[%clk 0:06:53]} Rh8 {[%clk 0:07:59]} 40. Nc3
{[%clk 0:07:05]} Nb8 {[%clk 0:06:27]} 41. Ne4 {[%clk 0:06:36]} Ra6
{[%clk 0:03:14]} 42. Bf2 {[%clk 0:06:50]} Ra8 {[%clk 0:01:45]} 43. Nxf6
{[%clk 0:06:11]} exf6 {[%clk 0:02:09]} 44. Re7 {[%clk 0:05:34]} b6
{[%clk 0:00:48]} 45. Bxb6 {[%clk 0:04:49]} Na6 {[%clk 0:01:14]} 46. Kc3
{[%clk 0:04:17]} f5 {[%clk 0:00:50]} 47. Rxb3 {[%clk 0:02:45]} axb3
{[%clk 0:01:13]} 48. Bd4+ {[%clk 0:03:06]} Kf8 {[%clk 0:01:33]} 49. Rd7
{[%clk 0:03:05]} Rg8 {[%clk 0:01:23]} 50. Bf6 {[%clk 0:02:17]} Rb8
{[%clk 0:01:40]} 51. Bf1 {[%clk 0:02:16]} b2 {[%clk 0:00:54]} 52. Bd3
{[%clk 0:02:21]} Re8 {[%clk 0:00:56]} 53. Kxb2 {[%clk 0:02:30]} Rb8
{[%clk 0:00:35]} 54. Kc3 {[%clk 0:02:56]} Ra8 {[%clk 0:01:00]} 55. h4
{[%clk 0:02:13]} Ke8 {[%clk 0:00:58]} 56. Re7+ {[%clk 0:02:12]} Kf8
{[%clk 0:01:23]} 57. Rb7 {[%clk 0:02:35]} 1-0

[Event "13th Khazar International Open Chess Tournament - "]
[Site "Rasht, Iran"]
[Date "2015.02.12"]
[Round "3"]
[Board "9"]
[White "Ghaem Maghami, Ehsan"]
[Black "Mousavi, Seyed Khalil"]
[Result "1/2-1/2"]
[WhiteElo "2554"]
[BlackElo "2285"]
[PlyCount "0"]
[EventDate "2015.02.11"]
[EventRounds "9"]
[EventCountry "IRI"]

1. Nf3 {[%clk 1:30:21]} d5 {[%clk 1:30:12]} 2. d4 {[%clk 1:30:19]} e6
{[%clk 1:28:33]} 3. c4 {[%clk 1:30:19]} Be7 {[%clk 1:28:07]} 4. Nc3
{[%clk 1:23:03]} Nf6 {[%clk 1:27:40]} 5. Bf4 {[%clk 1:23:14]} O-O
{[%clk 1:21:17]} 6. e3 {[%clk 1:21:30]} b6 {[%clk 1:15:11]} 7. Rc1
{[%clk 1:18:33]} Bb7 {[%clk 1:09:25]} 8. a3 {[%clk 1:14:38]} c5 {[%clk 1:02:22]}
9. cxd5 {[%clk 1:12:48]} cxd4 {[%clk 0:52:11]} 10. d6 {[%clk 0:49:10]} dxc3
{[%clk 0:47:21]} 11. dxe7 {[%clk 0:49:26]} Qxd1+ {[%clk 0:46:00]} 12. Kxd1
{[%clk 0:41:54]} Re8 {[%clk 0:44:34]} 13. Rxc3 {[%clk 0:41:51]} Nd5
{[%clk 0:42:18]} 14. Rc2 {[%clk 0:36:10]} Nxf4 {[%clk 0:38:26]} 15. exf4
{[%clk 0:35:34]} Rxe7 {[%clk 0:38:14]} 16. Bb5 {[%clk 0:31:39]} Na6
{[%clk 0:33:48]} 17. Ke2 {[%clk 0:30:56]} Nc7 {[%clk 0:32:08]} 18. Bc4
{[%clk 0:21:22]} Rd8 {[%clk 0:23:45]} 19. Rhc1 {[%clk 0:19:58]} g6
{[%clk 0:22:57]} 20. g3 {[%clk 0:18:31]} Bxf3+ {[%clk 0:15:45]} 21. Kxf3
{[%clk 0:17:32]} Kg7 {[%clk 0:16:04]} 22. Be2 {[%clk 0:12:55]} Rdd7
{[%clk 0:15:52]} 23. Rd1 {[%clk 0:13:10]} Rxd1 {[%clk 0:14:16]} 24. Bxd1
{[%clk 0:13:35]} Nd5 {[%clk 0:11:49]} 25. Rd2 {[%clk 0:12:24]} Rc7
{[%clk 0:11:36]} 26. Bb3 {[%clk 0:10:31]} Nf6 {[%clk 0:11:00]} 27. g4
{[%clk 0:10:00]} Rd7 {[%clk 0:09:54]} 28. Rxd7 {[%clk 0:09:40]} Nxd7
{[%clk 0:10:22]} 29. Ba4 {[%clk 0:09:21]} Nf6 {[%clk 0:09:40]} 30. g5
{[%clk 0:08:01]} Nh5 {[%clk 0:06:45]} 31. Ke4 {[%clk 0:08:03]} Kf8
{[%clk 0:07:09]} 32. Bd1 {[%clk 0:06:31]} Ng7 {[%clk 0:07:37]} 33. h4
{[%clk 0:06:36]} Ke7 {[%clk 0:07:03]} 34. Ke5 {[%clk 0:06:45]} Ne8
{[%clk 0:05:44]} 35. h5 {[%clk 0:04:43]} f6+ {[%clk 0:02:08]} 36. Kd4
{[%clk 0:04:52]} Nd6 {[%clk 0:01:25]} 37. Bc2 {[%clk 0:03:06]} f5
{[%clk 0:00:34]} 38. h6 {[%clk 0:01:58]} Nf7 {[%clk 0:01:03]} 39. Bb3
{[%clk 0:01:49]} Kd6 {[%clk 0:01:17]} 40. Bc4 {[%clk 0:01:54]} Nd8
{[%clk 0:01:17]} 41. Bb5 {[%clk 0:01:57]} Ke7 {[%clk 0:00:53]} 42. b4
{[%clk 0:02:02]} Kd6 {[%clk 0:00:35]} 43. a4 {[%clk 0:01:55]} Nf7
{[%clk 0:00:34]} 44. Be8 {[%clk 0:01:58]} Nd8 {[%clk 0:00:38]} 45. a5
{[%clk 0:00:58]} Ke7 {[%clk 0:00:34]} 46. Bb5 {[%clk 0:00:41]} Nb7
{[%clk 0:00:32]} 47. Bc6 {[%clk 0:00:37]} Nd6 {[%clk 0:00:41]} 48. Bf3
{[%clk 0:00:39]} Kd7 {[%clk 0:00:41]} 49. Bd1 {[%clk 0:00:52]} Ke7
{[%clk 0:00:44]} 50. Bb3 {[%clk 0:01:00]} Ne4 {[%clk 0:00:45]} 51. f3
{[%clk 0:00:45]} Nd6 {[%clk 0:01:11]} 52. Ba4 {[%clk 0:00:37]} Kd8
{[%clk 0:01:19]} 53. Bb3 {[%clk 0:00:44]} Ke7 {[%clk 0:01:41]} 54. Ba2
{[%clk 0:01:04]} Nb7 {[%clk 0:01:14]} 55. axb6 {[%clk 0:00:36]} axb6
{[%clk 0:01:43]} 56. Bc4 {[%clk 0:00:54]} Nd6 {[%clk 0:01:51]} 57. Ba6
{[%clk 0:01:13]} Kd7 {[%clk 0:01:34]} 58. Bd3 {[%clk 0:01:28]} Ke7
{[%clk 0:01:36]} 59. Be2 {[%clk 0:01:55]} Kd7 {[%clk 0:01:57]} 60. Bd1
{[%clk 0:02:14]} Ke7 {[%clk 0:01:59]} 61. Ba4 {[%clk 0:02:38]} Nf7
{[%clk 0:02:08]} 62. Kd3 {[%clk 0:02:43]} Nd6 {[%clk 0:02:26]} 63. Bb3
{[%clk 0:01:21]} Kd7 {[%clk 0:02:28]} 64. Ba4+ {[%clk 0:01:29]} Ke7
{[%clk 0:02:42]} 65. Kc3 {[%clk 0:01:50]} Kd8 {[%clk 0:02:26]} 66. Bc6
{[%clk 0:01:50]} Kc7 {[%clk 0:02:23]} 67. Ba8 {[%clk 0:02:09]} Kd7
{[%clk 0:02:13]} 68. Kd4 {[%clk 0:02:29]} Ke7 {[%clk 0:02:28]} 69. Bc6
{[%clk 0:02:54]} Kd8 {[%clk 0:02:25]} 70. Ba4 {[%clk 0:03:06]} Ke7
{[%clk 0:02:40]} 71. Bb3 {[%clk 0:03:31]} Nf7 {[%clk 0:02:46]} 1/2-1/2

[Event "13th Khazar International Open Chess Tournament - "]
[Site "Rasht, Iran"]
[Date "2015.02.12"]
[Round "3"]
[Board "10"]
[White "Omidi, Arya"]
[Black "Mahjoob, Morteza"]
[Result "0-1"]
[WhiteElo "2224"]
[BlackElo "2392"]
[PlyCount "0"]
[EventDate "2015.02.11"]
[EventRounds "9"]
[EventCountry "IRI"]

1. e4 c5 2. Nf3 Nc6 3. Bb5 d6 4. O-O Bd7 5. Re1 Nf6 6. c3 a6 7. Ba4 b5 8. Bc2 e5
9. a4 Rb8 10. axb5 axb5 11. d4 cxd4 12. cxd4 Be7 13. d5 Nb4 14. Bb3 Ra8 15. Rxa8
Qxa8 16. Nc3 O-O 17. Qe2 Qb7 18. h3 Na6 19. Qe3 Bd8 20. Bc2 Ba5 21. Bd2 Rc8 22.
Bd3 Nc5 23. Ne2 Bb6 0-1

[Event "13th Khazar International Open Chess Tournament - "]
[Site "Rasht, Iran"]
[Date "2015.02.13"]
[Round "4"]
[Board "1"]
[White "Lazarev, Vladimir"]
[Black "Gholami, Aryan"]
[Result "1/2-1/2"]
[WhiteElo "2361"]
[BlackElo "2325"]
[PlyCount "0"]
[EventDate "2015.02.11"]
[EventRounds "9"]
[EventCountry "IRI"]

1. d4 {[%clk 1:29:54]} Nf6 {[%clk 1:30:34]} 2. c4 {[%clk 1:29:52]} e6
{[%clk 1:30:46]} 3. Nc3 {[%clk 1:29:27]} Bb4 {[%clk 1:30:10]} 4. Qc2
{[%clk 1:29:14]} d6 {[%clk 1:28:00]} 5. a3 {[%clk 1:26:57]} Bxc3+
{[%clk 1:28:03]} 6. Qxc3 {[%clk 1:27:24]} O-O {[%clk 1:27:49]} 7. Bg5
{[%clk 1:26:21]} h6 {[%clk 1:27:47]} 8. Bh4 {[%clk 1:26:03]} Nbd7
{[%clk 1:25:58]} 9. e3 {[%clk 1:12:24]} b6 {[%clk 1:24:38]} 10. Nf3
{[%clk 1:11:08]} Bb7 {[%clk 1:24:50]} 11. Nd2 {[%clk 1:08:29]} c5
{[%clk 1:21:48]} 12. dxc5 {[%clk 1:06:30]} bxc5 {[%clk 1:21:29]} 13. f3
{[%clk 1:06:08]} d5 {[%clk 1:16:40]} 14. Bd3 {[%clk 0:59:56]} Qb6
{[%clk 1:15:26]} 15. Bf2 {[%clk 0:57:41]} a5 {[%clk 1:12:41]} 16. O-O
{[%clk 0:52:25]} a4 {[%clk 1:06:58]} 17. Rfc1 {[%clk 0:47:37]} Ba6
{[%clk 1:00:55]} 18. Rab1 {[%clk 0:39:59]} Rfc8 {[%clk 0:55:52]} 19. h3
{[%clk 0:32:34]} Qd6 {[%clk 0:52:59]} 20. Rd1 {[%clk 0:24:04]} Nb6
{[%clk 0:43:33]} 21. Bf1 {[%clk 0:22:15]} Qc6 {[%clk 0:42:09]} 22. Rdc1
{[%clk 0:19:15]} Nbd7 {[%clk 0:36:40]} 23. Rc2 {[%clk 0:15:24]} e5
{[%clk 0:36:15]} 24. Rcc1 {[%clk 0:14:46]} d4 {[%clk 0:36:28]} 25. Qc2
{[%clk 0:14:25]} Bb7 {[%clk 0:28:16]} 26. Re1 {[%clk 0:13:41]} Re8
{[%clk 0:27:13]} 27. Bd3 {[%clk 0:12:35]} Qb6 {[%clk 0:26:19]} 28. Re2
{[%clk 0:10:29]} Bc6 {[%clk 0:26:29]} 29. Rbe1 {[%clk 0:07:38]} Rab8
{[%clk 0:25:58]} 30. Rb1 {[%clk 0:06:48]} Qb7 {[%clk 0:22:39]} 31. Bg3
{[%clk 0:06:13]} Qb6 {[%clk 0:20:15]} 1/2-1/2

[Event "13th Khazar International Open Chess Tournament - "]
[Site "Rasht, Iran"]
[Date "2015.02.13"]
[Round "4"]
[Board "2"]
[White "Pourkashiyan, Atousa"]
[Black "Tarlev, Konstantin"]
[Result "0-1"]
[WhiteElo "2361"]
[BlackElo "2557"]
[PlyCount "0"]
[EventDate "2015.02.11"]
[EventRounds "9"]
[EventCountry "IRI"]

1. e4 {[%clk 1:30:51]} c5 {[%clk 1:30:53]} 2. Nf3 {[%clk 1:31:10]} d6
{[%clk 1:30:42]} 3. d4 {[%clk 1:31:29]} cxd4 {[%clk 1:31:09]} 4. Nxd4
{[%clk 1:31:55]} Nf6 {[%clk 1:31:33]} 5. Nc3 {[%clk 1:32:17]} e6 {[%clk 1:31:21]}
6. Be2 {[%clk 1:32:12]} Be7 {[%clk 1:31:21]} 7. O-O {[%clk 1:32:23]} O-O
{[%clk 1:31:45]} 8. Be3 {[%clk 1:32:33]} Nc6 {[%clk 1:30:07]} 9. f4
{[%clk 1:32:27]} e5 {[%clk 1:29:51]} 10. Nb3 {[%clk 1:32:18]} exf4
{[%clk 1:29:49]} 11. Bxf4 {[%clk 1:32:31]} Be6 {[%clk 1:29:44]} 12. Qd2
{[%clk 1:32:27]} a5 {[%clk 1:24:08]} 13. Kh1 {[%clk 1:27:10]} a4 {[%clk 1:13:19]}
14. Nd4 {[%clk 1:27:18]} Nxd4 {[%clk 1:08:46]} 15. Qxd4 {[%clk 1:27:41]} a3
{[%clk 1:09:15]} 16. bxa3 {[%clk 1:22:11]} d5 {[%clk 0:36:34]} 17. e5
{[%clk 1:13:03]} Ne4 {[%clk 0:37:00]} 18. Nxe4 {[%clk 1:08:19]} dxe4
{[%clk 0:37:27]} 19. Qxe4 {[%clk 1:08:23]} Bd5 {[%clk 0:37:55]} 20. Qe3
{[%clk 1:02:52]} Rxa3 {[%clk 0:38:04]} 21. Bd3 {[%clk 1:02:33]} Qc8
{[%clk 0:30:44]} 22. Qe2 {[%clk 0:51:08]} Rd8 {[%clk 0:28:09]} 23. Rfd1
{[%clk 0:43:43]} Rxa2 {[%clk 0:26:04]} 24. Rxa2 {[%clk 0:37:23]} Bxa2
{[%clk 0:26:20]} 25. Be4 {[%clk 0:36:35]} Bc4 {[%clk 0:24:24]} 26. Qf3
{[%clk 0:33:59]} b5 {[%clk 0:23:21]} 27. h3 {[%clk 0:32:47]} Bf8 {[%clk 0:21:04]}
28. Bg3 {[%clk 0:24:29]} Rxd1+ {[%clk 0:20:11]} 29. Qxd1 {[%clk 0:23:20]} b4
{[%clk 0:16:52]} 30. Kh2 {[%clk 0:19:23]} Be6 {[%clk 0:17:18]} 31. Qd3
{[%clk 0:18:33]} h6 {[%clk 0:16:55]} 32. Qf3 {[%clk 0:17:50]} Qd8
{[%clk 0:13:20]} 33. Qe3 {[%clk 0:16:29]} Qd7 {[%clk 0:12:19]} 34. Qb6
{[%clk 0:13:19]} Bf5 {[%clk 0:12:45]} 35. Bxf5 Qxf5 36. Qc6 {[%clk 0:13:09]} g5
{[%clk 0:11:11]} 37. Qc4 h5 38. h4 {[%clk 0:07:07]} gxh4 {[%clk 0:10:56]} 39.
Bxh4 {[%clk 0:07:15]} Qxe5+ {[%clk 0:10:52]} 40. Bg3 {[%clk 0:07:42]} Qf5
{[%clk 0:10:59]} 41. Qc7 {[%clk 0:06:59]} Kh7 {[%clk 0:07:55]} 42. Be5
{[%clk 0:05:31]} Bg7 {[%clk 0:05:29]} 43. Bxg7 {[%clk 0:04:57]} Kxg7
{[%clk 0:05:56]} 44. Qg3+ {[%clk 0:03:14]} Kh7 {[%clk 0:05:20]} 45. Qd6
{[%clk 0:03:41]} Qg4 {[%clk 0:03:40]} 46. Qf6 {[%clk 0:03:48]} Kg8
{[%clk 0:03:49]} 47. Qd8+ {[%clk 0:03:50]} Kg7 {[%clk 0:04:05]} 48. Qc7
{[%clk 0:03:39]} Qh4+ {[%clk 0:03:24]} 49. Kg1 {[%clk 0:04:07]} Qd4+
{[%clk 0:03:50]} 50. Kh1 {[%clk 0:03:39]} Kf6 {[%clk 0:02:11]} 51. Qc6+
{[%clk 0:03:40]} Kg5 {[%clk 0:02:01]} 52. Qc8 {[%clk 0:03:24]} f6
{[%clk 0:01:29]} 53. Kh2 {[%clk 0:03:17]} Qe5+ {[%clk 0:00:56]} 54. Kh1
{[%clk 0:03:38]} Qc3 {[%clk 0:01:18]} 55. Qg8+ {[%clk 0:02:05]} Kf4
{[%clk 0:01:30]} 56. Qf8 {[%clk 0:00:41]} Ke3 {[%clk 0:00:41]} 57. Qh6+
{[%clk 0:01:10]} Ke2 {[%clk 0:00:55]} 58. Qxh5+ {[%clk 0:00:43]} Kd2
{[%clk 0:01:22]} 59. Qd5+ {[%clk 0:00:35]} Kxc2 {[%clk 0:01:38]} 60. Qe4+
{[%clk 0:00:51]} Kb2 {[%clk 0:00:59]} 61. Qe2+ {[%clk 0:01:12]} Qc2
{[%clk 0:01:01]} 62. Qf3 {[%clk 0:01:31]} Qc1+ {[%clk 0:00:49]} 63. Kh2
{[%clk 0:02:00]} Qc7+ {[%clk 0:01:11]} 64. Kh1 {[%clk 0:02:23]} Qb6
{[%clk 0:00:55]} 65. Qe2+ {[%clk 0:02:31]} Ka3 {[%clk 0:01:13]} 66. Qe7
{[%clk 0:02:48]} Qd4 {[%clk 0:01:21]} 67. Qf8 {[%clk 0:01:13]} Kb2
{[%clk 0:01:44]} 68. Qe7 {[%clk 0:01:39]} b3 {[%clk 0:01:19]} 69. Qe6
{[%clk 0:00:45]} Kc2 {[%clk 0:00:56]} 70. Qf5+ {[%clk 0:00:47]} Kd2
{[%clk 0:01:00]} 71. Qa5+ {[%clk 0:00:53]} Kc2 {[%clk 0:00:57]} 72. Qf5+
{[%clk 0:01:05]} Kc1 {[%clk 0:01:21]} 73. Qc8+ {[%clk 0:01:16]} Kd2
{[%clk 0:01:46]} 74. Qb7 {[%clk 0:01:00]} b2 {[%clk 0:02:08]} 75. g3
{[%clk 0:00:50]} f5 {[%clk 0:02:27]} 76. Qg2+ {[%clk 0:00:39]} Ke1 0-1